000 00800nam a2200217 i 4500
001 100025
003 ES-MaACL
005 20250909225701.0
007 t|
008 050921s1914 sp ||||1| spa d
080 _a782.1(083.97)
100 1 _aMartínez Sierra, Gregorio,
_d1881-1947
_978429
245 1 4 _aLas golondrinas :
_bdrama lírico en tres actos /
_cGregorio Martínez Sierra ; música de José María Usandizaga.
260 _aMadrid :
_bJuan Pueyo,
_c1914.
300 _a143 p. ;
_c20 cm.
594 _aObra en colaboración entre Gregorio Martínez Sierra y María Lejárraga (María Martínez Sierra)
700 1 _aMartínez Sierra, María,
_d1874-1974
_978430
700 1 _aUsandizaga, José María,
_d1887-1915
_9139050
852 4 _aES-MaACL
_jD-632
999 _c100025
_d100025